00348 2200145 4500245003600000020002200036100001400058650001600072005001900088260004200107041001400149084000800163300002200171336000900193 aIn a Blue MooncIlana TanhText a978-602-03-1462-4 aIlana Tan aNovel Fiksi a20230110071641 aJakartabGramedia Pustaka Utamac2015 aIndonesia a813 a320 hlm. :c20 cm atext